000
00301nam a2200121Ia 4500
008
220216s9999 xx 000 0 und d
100
_a
Messenger T H
245
0
_a
Solution properties of dried rubber
260
_b
IRI Transactions
_c
1933
300
_a
190-195
650
_a
Dried rubber
942
_c
JS
999
_c
68894
_d
68894